000 02673cam a2200493 i 4500
001 on1049568158
005 20250205130748.0
006 m o d
007 cr cnu|||unuuu
008 180823s2018 mau o 000 0 eng d
015 _aGBB8F5674
_2bnb
016 7 _a019026648
_2Uk
020 _a9780081019139
_q(electronic bk.)
020 _a0081019130
_q(electronic bk.)
020 _a9780081022641
_q(electronic bk.)
020 _a0081022646
_q(electronic bk.)
020 _z9780081019122
040 _aKO
_beng
041 0 _aeng
082 0 4 _a620.11809162
_223
245 0 0 _aMarine Composites :
_bDesign and Performance /
_cedited by Richard Pemberton, John Summerscales and jasper Graham-Jones.
264 1 _aCambridge, MA :
_bWoodhead Publishing,
_c2018.
300 _a1 online resource
338 _aonline resource
490 1 _aWoodhead Publishing series in composites science and engineering
520 _aMarine Composites: Design and Performance presents up-to-date information and recent research findings on the application and use of advanced fibre-reinforced composites in the marine environment. Following the success of their previously published title: Marine Applications of Advanced Fibre-reinforced Composites which was published in 2015; this exemplary new book provides comprehensive information on materials selection, characterization, and performance. There are also dedicated sections on sandwich structures, manufacture, advanced concepts, naval architecture and design considerations, and various applications. The book will be an essential reference resource for designers, materials engineers, manufactures, marine scientists, mechanical engineers, civil engineers, coastal engineers, boat manufacturers, offshore platform and marine renewable design engineers.
650 0 _aFibrous composites.
650 0 _aOffshore structures
_xMaterials.
650 6 _aComposites �a fibres.
_0(CaQQLa)201-0024427
650 7 _afibrous composite.
_2aat
_0(CStmoGRI)aat300189659
650 7 _aTECHNOLOGY & ENGINEERING
_xEngineering (General)
_2bisacsh
650 7 _aTECHNOLOGY & ENGINEERING
_xReference.
_2bisacsh
650 7 _aFibrous composites.
_2fast
_0(OCoLC)fst00923679
650 7 _aOffshore structures
_xMaterials.
_2fast
_0(OCoLC)fst01044416
700 1 _aSummerscales, John,
_eeditor.
700 1 _aGraham-Jones, Jasper,
_eeditor.
700 1 _aPemberton, Richard,
_eeditor.
830 0 _aWoodhead Publishing series in composites science and engineering.
856 _uhttps://www.sciencedirect.com/science/book/9780081022641
904 _aRUDRA_R
905 _aR_RANJAN
942 _2ddc
_cEB
999 _c3372
_d3372